Statistics for First Move in Chess

Click here to take the quiz!

General Stats

  • This quiz has been taken 178 times
  • The average score is 35 of 40

Answer Stats

MOVE% Correct
e4
97%
a3
96%
d4
96%
e3
96%
a4
96%
c4
95%
d3
95%
c3
95%
b4
95%
b3
95%
g3
95%
g4
95%
f3
95%
f4
94%
h3
92%
h4
92%
e5
92%
d5
92%
c6
92%
b6
91%
c5
91%
a5
91%
b5
91%
a6
91%
e6
90%
g5
90%
d6
90%
f5
90%
g6
89%
f6
89%
h5
86%
h6
86%
Nc3
75%
Nf3
74%
Na3
72%
Nc6
70%
Nf6
70%
Nh3
69%
Na6
65%
Nh6
65%

Score Distribution

Percentile by Number Answered

Percent of People with Each Score

Your Score History

You have not taken this quiz